[Event "Madrid-ch 2018-2019 - Semifinal"]
[Site "Madrid ESP"]
[Date "2019.05.13"]
[Round "8.6"]
[White "Cabañas Bravo, Juan Andres"]
[Black "Pindado Campos, Raul"]
[Result "0-1"]
[WhiteElo "2010"]
[BlackElo "2089"]
[PlyCount "120"]
[EventDate "2019.05.06"]
[EventType "swiss"]
[EventRounds "9"]
[EventCountry "ESP"]
[SourceTitle "Ajedrez en Madrid"]
[Source "lmi"]
[SourceDate "2019.05.06"]
[SourceVersion "1"]
[SourceVersionDate "2019.05.20"]
[SourceQuality "2"]

1. e4 c5 2. Nf3 d6 3. d4 cxd4 4. Nxd4 Nf6 5. Nc3 g6 6. Be3 Bg7 7. f3 Nc6 8. Bc4
O-O 9. Qd2 Bd7 10. h4 h5 11. O-O-O Ne5 12. Be2 Rc8 13. Bh6 Bxh6 14. Qxh6 Rxc3
15. bxc3 Qa5 16. g4 Qxc3 17. Kb1 Rc8 18. gxh5 Nxh5 19. Rhg1 Rc4 20. Qd2 Qxd2
21. Rxd2 Rb4+ 22. Nb3 a5 23. c3 Rb6 24. Kc2 a4 25. Nd4 Nf4 26. Rb1 Rxb1 27.
Kxb1 Kh7 28. Rb2 Kh6 29. Rxb7 Kh5 30. Kc2 Kxh4 31. Kd2 Kg3 32. Ke1 Ng2+ 33. Kf1
Nf4 34. a3 Bh3+ 35. Ke1 Bd7 36. Rc7 Ng2+ 37. Kd2 Kf2 38. c4 Nf4 39. Bd1 e6 40.
c5 dxc5 41. Rxc5 Ned3 42. Rc7 Ne5 43. Ra7 g5 44. Bxa4 Bxa4 45. Rxa4 Nxf3+ 46.
Nxf3 Kxf3 47. Rc4 g4 48. a4 g3 49. a5 Ne2 50. Ra4 g2 51. Ra1 Ng3 52. Rg1 Nxe4+
53. Kd3 Nd6 54. a6 Nc8 55. Rc1 e5 56. Kc4 e4 57. Kc5 e3 58. Kc6 Kf2 59. Kb7 e2
60. Kxc8 g1=Q 0-1

[Event "Madrid-ch 2018-2019 - Semifinal"]
[Site "Madrid ESP"]
[Date "2019.05.13"]
[Round "8.7"]
[White "Perez Diez, Victor"]
[Black "Gueler Berdasco, Martin"]
[Result "1-0"]
[WhiteElo "2018"]
[BlackElo "1917"]
[PlyCount "65"]
[EventDate "2019.05.06"]
[EventType "swiss"]
[EventRounds "9"]
[EventCountry "ESP"]
[SourceTitle "Ajedrez en Madrid"]
[Source "lmi"]
[SourceDate "2019.05.06"]
[SourceVersion "1"]
[SourceVersionDate "2019.05.20"]
[SourceQuality "2"]

1. e4 c5 2. Nc3 Nc6 3. g3 e6 4. Bg2 g6 5. d3 Bg7 6. Be3 d6 7. Qd2 Nge7 8. Bh6
Bxh6 9. Qxh6 Nd4 10. O-O-O Ng8 11. Qe3 Ne7 12. Nce2 e5 13. c3 Nxe2+ 14. Nxe2
Qa5 15. Kb1 Be6 16. Nc1 b5 17. f4 Qc7 18. d4 f6 19. Nd3 c4 20. Nb4 exf4 21.
gxf4 O-O 22. f5 gxf5 23. e5 d5 24. Qh6 a5 25. exf6 Rf7 26. fxe7 axb4 27. Qxe6
Re8 28. Bxd5 Rexe7 29. Qxf5 bxc3 30. bxc3 Qa5 31. Bxf7+ Rxf7 32. Rhg1+ Kf8 33.
Qc8+ 1-0

[Event "Madrid-ch 2018-2019 - Semifinal"]
[Site "Madrid ESP"]
[Date "2019.05.13"]
[Round "8.8"]
[White "Gonzalez Rivera, Eduardo"]
[Black "Collado Barbas, Laura"]
[Result "0-1"]
[WhiteElo "1998"]
[BlackElo "2048"]
[PlyCount "94"]
[EventDate "2019.05.06"]
[EventType "swiss"]
[EventRounds "9"]
[EventCountry "ESP"]
[SourceTitle "Ajedrez en Madrid"]
[Source "lmi"]
[SourceDate "2019.05.06"]
[SourceVersion "1"]
[SourceVersionDate "2019.05.20"]
[SourceQuality "2"]

1. e4 e6 2. d4 d5 3. Nd2 Nf6 4. e5 Nfd7 5. f4 c5 6. c3 Nc6 7. Ndf3 c4 8. g3 b5
9. h4 Nb6 10. Ne2 b4 11. cxb4 Nxb4 12. Nc3 Bd7 13. h5 Be7 14. a3 Nc6 15. Bh3
Na5 16. Be3 Nb3 17. Rb1 Na4 18. Nxa4 Bxa4 19. Qe2 Qb6 20. O-O Rc8 21. f5 Rc6
22. Qf2 exf5 23. Bxf5 h6 24. Bc2 O-O 25. Nh2 Bg5 26. Bxg5 hxg5 27. Rbd1 Rh6 28.
g4 Bd7 29. Qe3 Na5 30. Rf2 Nc6 31. Kg2 Qd8 32. Bf5 Be6 33. Rdf1 Bxf5 34. gxf5
Rxh5 35. f6 g6 36. Nf3 Qd7 37. Nh2 Nd8 38. Qg3 Ne6 39. Nf3 Nf4+ 40. Kg1 Nh3+
41. Kg2 Nxf2 42. Rxf2 Qa4 43. Nxg5 Qd1 44. Nh3 Qxd4 45. Re2 Qh4 46. Qf3 Rf5 47.
Qe3 Re8 0-1

[Event "Madrid-ch 2018-2019 - Semifinal"]
[Site "Madrid ESP"]
[Date "2019.05.13"]
[Round "8.9"]
[White "Bello Burguet, Glenier Lazaro"]
[Black "Yañez Rodriguez, Wilbert"]
[Result "1/2-1/2"]
[WhiteElo "1961"]
[BlackElo "2217"]
[PlyCount "66"]
[EventDate "2019.05.06"]
[EventType "swiss"]
[EventRounds "9"]
[EventCountry "ESP"]
[SourceTitle "Ajedrez en Madrid"]
[Source "lmi"]
[SourceDate "2019.05.06"]
[SourceVersion "1"]
[SourceVersionDate "2019.05.20"]
[SourceQuality "2"]

1. c4 g6 2. Nc3 Bg7 3. g3 d6 4. Bg2 c5 5. Rb1 Nc6 6. a3 a5 7. d3 e6 8. e4 Nge7
9. Nge2 O-O 10. O-O Bd7 11. Nb5 Qb8 12. d4 cxd4 13. Nexd4 Nxd4 14. Nxd4 Rc8 15.
Nb5 Rxc4 16. Qb3 Bxb5 17. Qxb5 Qc7 18. Bf4 Rc5 19. Qd3 Rd8 20. b4 axb4 21. axb4
Rc3 22. Rfc1 Rxc1+ 23. Rxc1 Qb6 24. Qc4 Bd4 25. Qc7 Bxf2+ 26. Kf1 Nc6 27. Bxd6
Be3 28. Qxb6 Bxb6 29. e5 Be3 30. Rc4 Rc8 31. b5 Ne7 32. Rxc8+ Nxc8 33. Bxb7
Nxd6 1/2-1/2

[Event "Madrid-ch 2018-2019 - Semifinal"]
[Site "Madrid ESP"]
[Date "2019.05.13"]
[Round "8.10"]
[White "Vinas Lopez, Carlos"]
[Black "Rojas Pozo, Jose Luis"]
[Result "0-1"]
[WhiteElo "1884"]
[BlackElo "1974"]
[PlyCount "54"]
[EventDate "2019.05.06"]
[EventType "swiss"]
[EventRounds "9"]
[EventCountry "ESP"]
[SourceTitle "Ajedrez en Madrid"]
[Source "lmi"]
[SourceDate "2019.05.06"]
[SourceVersion "1"]
[SourceVersionDate "2019.05.20"]
[SourceQuality "2"]

1. d4 Nf6 2. Bg5 Ne4 3. Bf4 d5 4. e3 c5 5. Bd3 Nf6 6. c3 Nc6 7. Nd2 e6 8. Ngf3
Bd6 9. Bg3 c4 10. Bc2 b5 11. e4 dxe4 12. Nxe4 Nxe4 13. Bxe4 Bb7 14. a4 a6 15.
Qe2 O-O 16. O-O Bxg3 17. hxg3 Qc7 18. Rfe1 h6 19. Nd2 Ne7 20. Qh5 Nd5 21. g4
Qf4 22. Nf3 Nf6 23. g3 Qxe4 24. Rxe4 Nxh5 25. Re3 Bxf3 26. Rxf3 Nf6 27. Rf4 Nd5
0-1

[Event "Madrid-ch 2018-2019 - Semifinal"]
[Site "Madrid ESP"]
[Date "2019.05.13"]
[Round "8.12"]
[White "Nieto De La Cruz, Julio"]
[Black "Panduru, Eugen"]
[Result "1-0"]
[WhiteElo "2168"]
[BlackElo "1934"]
[PlyCount "91"]
[EventDate "2019.05.06"]
[EventType "swiss"]
[EventRounds "9"]
[EventCountry "ESP"]
[SourceTitle "Ajedrez en Madrid"]
[Source "lmi"]
[SourceDate "2019.05.06"]
[SourceVersion "1"]
[SourceVersionDate "2019.05.20"]
[SourceQuality "2"]

1. d4 Nf6 2. Nf3 g6 3. Bf4 Bg7 4. e3 d6 5. Be2 c6 6. c4 Nbd7 7. Nc3 Qa5 8. h3
a6 9. Rb1 e5 10. b4 Qc7 11. Bh2 O-O 12. O-O Ne8 13. c5 d5 14. Qb3 Qd8 15. a4
exd4 16. exd4 Nc7 17. b5 axb5 18. axb5 Ne6 19. Rfd1 Re8 20. Bf1 Qf6 21. bxc6
bxc6 22. Na2 Nf4 23. Nb4 g5 24. h4 h6 25. Re1 Re4 26. hxg5 hxg5 27. Bd3 Nxd3
28. Nxd3 g4 29. Nfe5 Rxd4 30. Nxd7 Bxd7 31. Be5 Rxd3 32. Qxd3 Bf5 33. Qc3 Qg6
34. Rb6 Bf8 35. Bd4 Be4 36. Qg3 Rc8 37. Ra1 Re8 38. Rb8 Rxb8 39. Qxb8 Bxg2 40.
Ra8 Qh6 41. Qxf8+ Qxf8 42. Rxf8+ Kxf8 43. Kxg2 f5 44. Kg3 Kf7 45. Kf4 Ke6 46.
Be5 1-0

[Event "Madrid-ch 2018-2019 - Semifinal"]
[Site "Madrid ESP"]
[Date "2019.05.13"]
[Round "8.13"]
[White "Pastor Alonso De Prado, Alberto"]
[Black "Garcia Serrano, Jose Manuel"]
[Result "1/2-1/2"]
[WhiteElo "2094"]
[BlackElo "1912"]
[PlyCount "95"]
[EventDate "2019.05.06"]
[EventType "swiss"]
[EventRounds "9"]
[EventCountry "ESP"]
[SourceTitle "Ajedrez en Madrid"]
[Source "lmi"]
[SourceDate "2019.05.06"]
[SourceVersion "1"]
[SourceVersionDate "2019.05.20"]
[SourceQuality "2"]

1. e4 e5 2. Nf3 Nc6 3. Nc3 Nf6 4. Bb5 Nd4 5. Ba4 Bc5 6. Nxe5 Qe7 7. Nd3 Nxe4 8.
O-O Nxc3 9. dxc3 Ne6 10. Nxc5 Qxc5 11. Be3 Qa5 12. Bb3 O-O 13. Qf3 c6 14. Rad1
Qc7 15. c4 d6 16. Qg3 Rd8 17. Rd2 a5 18. a4 c5 19. c3 Ra6 20. Bc2 Nf8 21. Rfd1
Rb6 22. b3 Ne6 23. f4 f5 24. Rd5 Qf7 25. Rxf5 Nd4 26. Qh4 Qe8 27. Re5 dxe5 28.
Qxh7+ Kf8 29. cxd4 Rh6 30. Qd3 exd4 31. Bf2 Qh5 32. Bg3 Re8 33. f5 Re3 34. Qd2
Re7 35. Qxa5 b6 36. Qa8 Qe8 37. Kf1 Kg8 38. Bd3 Re3 39. Qd5+ Kh8 40. Bf4 Qh5
41. Rd2 Rxd3 42. Bxh6 Bxf5 43. Re2 Qxh6 44. Qxf5 Rd1+ 45. Re1 Rxe1+ 46. Kxe1
Qc1+ 47. Ke2 Qe3+ 48. Kf1 1/2-1/2

[Event "Madrid-ch 2018-2019 - Semifinal"]
[Site "Madrid ESP"]
[Date "2019.05.13"]
[Round "8.14"]
[White "Sanchez Garcia, Aurelio"]
[Black "Cao Armillas, Jesus"]
[Result "0-1"]
[WhiteElo "2042"]
[BlackElo "2043"]
[PlyCount "82"]
[EventDate "2019.05.06"]
[EventType "swiss"]
[EventRounds "9"]
[EventCountry "ESP"]
[SourceTitle "Ajedrez en Madrid"]
[Source "lmi"]
[SourceDate "2019.05.06"]
[SourceVersion "1"]
[SourceVersionDate "2019.05.20"]
[SourceQuality "2"]

1. Nf3 Nf6 2. c4 g6 3. Nc3 Bg7 4. d4 d5 5. Bg5 Ne4 6. cxd5 Nxg5 7. Nxg5 e6 8.
Nf3 exd5 9. e3 O-O 10. Be2 Re8 11. O-O Be6 12. b4 Nd7 13. Na4 c6 14. Rc1 b5 15.
Nc5 Nb6 16. a4 a6 17. Ne1 Nc4 18. a5 Ra7 19. Ned3 Bc8 20. Bf3 f5 21. g3 Bh6 22.
Re1 Qd6 23. Rc2 Rae7 24. Rce2 Kh8 25. Qc1 g5 26. Bh5 Rg8 27. f4 g4 28. h3 gxh3
29. Kh2 Bf8 30. Ne5 Qh6 31. Bf3 Reg7 32. Rg1 Bxc5 33. bxc5 Nxa5 34. Qe1 Nc4 35.
Ra2 Qe6 36. Be2 Nxe3 37. Bxb5 Ng2 38. Rgxg2 hxg2 39. Bxc6 g1=Q+ 40. Kxg1 Rxg3+
41. Kh1 Rh3+ 0-1

[Event "Madrid-ch 2018-2019 - Semifinal"]
[Site "Madrid ESP"]
[Date "2019.05.13"]
[Round "8.15"]
[White "Garcia Sanz, Eduardo"]
[Black "Vicente Sastre, Diego"]
[Result "1-0"]
[WhiteElo "1820"]
[BlackElo "1881"]
[PlyCount "105"]
[EventDate "2019.05.06"]
[EventType "swiss"]
[EventRounds "9"]
[EventCountry "ESP"]
[SourceTitle "Ajedrez en Madrid"]
[Source "lmi"]
[SourceDate "2019.05.06"]
[SourceVersion "1"]
[SourceVersionDate "2019.05.20"]
[SourceQuality "2"]

1. c4 Nf6 2. Nf3 g6 3. b3 Bg7 4. Bb2 d6 5. d4 O-O 6. g3 c5 7. d5 e6 8. dxe6
fxe6 9. Bg2 Nc6 10. O-O d5 11. Ne5 Qd6 12. Nxc6 bxc6 13. e3 e5 14. Nc3 d4 15.
Ne4 Nxe4 16. Bxe4 Bf5 17. Qd3 Rf6 18. Rad1 Raf8 19. Ba3 R8f7 20. Qc2 Qf8 21.
Bxf5 Rxf5 22. Qe2 Bh6 23. exd4 exd4 24. Qe6 R5f6 25. Qh3 Rxf2 26. Qe6 Be3 27.
Rxf2 Bxf2+ 28. Kg2 Be3 29. Rf1 Qe7 30. Qxf7+ Qxf7 31. Rxf7 Kxf7 32. Bxc5 a6 33.
Kf3 Bg1 34. h3 Ke6 35. b4 h5 36. a4 g5 37. b5 cxb5 38. axb5 g4+ 39. hxg4 hxg4+
40. Kg2 d3 41. Bb4 Be3 42. bxa6 Kd7 43. Kf1 Kc6 44. Ba5 Kd7 45. Ke1 Kc6 46. Kd1
Kd7 47. Bd2 Bf2 48. Bf4 Kc6 49. Kd2 Kb6 50. Be3+ Bxe3+ 51. Kxe3 Kxa6 52. Kxd3
Kb6 53. Ke4 1-0

[Event "Madrid-ch 2018-2019 - Semifinal"]
[Site "Madrid ESP"]
[Date "2019.05.13"]
[Round "8.16"]
[White "Garcia Galeote, Lorenzo"]
[Black "Moreno Uribarri, Miguel"]
[Result "1-0"]
[WhiteElo "1873"]
[BlackElo "1674"]
[PlyCount "67"]
[EventDate "2019.05.06"]
[EventType "swiss"]
[EventRounds "9"]
[EventCountry "ESP"]
[SourceTitle "Ajedrez en Madrid"]
[Source "lmi"]
[SourceDate "2019.05.06"]
[SourceVersion "1"]
[SourceVersionDate "2019.05.20"]
[SourceQuality "2"]

1. d4 Nf6 2. c4 g6 3. Nc3 d5 4. cxd5 Nxd5 5. e4 Nxc3 6. bxc3 Bg7 7. Nf3 c5 8.
Rb1 O-O 9. Be2 Nc6 10. d5 Bxc3+ 11. Bd2 Bxd2+ 12. Qxd2 Nd4 13. Nxd4 cxd4 14.
Qxd4 Qa5+ 15. Qd2 Qxd2+ 16. Kxd2 Rd8 17. Ke3 b6 18. Rhc1 Kf8 19. Rc7 Rd7 20.
Rbc1 Rxc7 21. Rxc7 Ke8 22. Bb5+ Kd8 23. d6 exd6 24. Rxf7 a6 25. Bc6 Rb8 26.
Rxh7 Be6 27. Bd5 Bxd5 28. exd5 Rc8 29. Rh8+ Kd7 30. Rxc8 Kxc8 31. h4 Kd7 32. g4
Ke7 33. f4 b5 34. a4 1-0

[Event "Madrid-ch 2018-2019 - Semifinal"]
[Site "Madrid ESP"]
[Date "2019.05.13"]
[Round "8.17"]
[White "Garcia Prados, David"]
[Black "Marin Aso, Jose Luis"]
[Result "1/2-1/2"]
[WhiteElo "1866"]
[BlackElo "1912"]
[PlyCount "52"]
[EventDate "2019.05.06"]
[EventType "swiss"]
[EventRounds "9"]
[EventCountry "ESP"]
[SourceTitle "Ajedrez en Madrid"]
[Source "lmi"]
[SourceDate "2019.05.06"]
[SourceVersion "1"]
[SourceVersionDate "2019.05.20"]
[SourceQuality "2"]

1. e4 c5 2. Nf3 e6 3. d4 cxd4 4. Nxd4 Nc6 5. Nb3 Nf6 6. Bd3 d5 7. exd5 Nxd5 8.
c3 Be7 9. O-O O-O 10. Qe2 Qc7 11. g3 Rd8 12. Rd1 Nf6 13. Qc2 e5 14. N1d2 Bg4
15. Re1 Qd7 16. Bf1 Rac8 17. a3 Bf5 18. Qd1 e4 19. Qe2 Bg4 20. Qe3 Ne5 21. Nd4
Bc5 22. h3 Bxh3 23. Nxe4 Bxf1 24. Nxf6+ gxf6 25. Rxf1 Bxd4 26. cxd4 Qxd4
1/2-1/2

[Event "Madrid-ch 2018-2019 - Semifinal"]
[Site "Madrid ESP"]
[Date "2019.05.13"]
[Round "8.18"]
[White "Lopez Heras, Arturo"]
[Black "Jimenez Gonzalez, Marcos"]
[Result "1-0"]
[WhiteElo "1818"]
[BlackElo "1740"]
[PlyCount "63"]
[EventDate "2019.05.06"]
[EventType "swiss"]
[EventRounds "9"]
[EventCountry "ESP"]
[SourceTitle "Ajedrez en Madrid"]
[Source "lmi"]
[SourceDate "2019.05.06"]
[SourceVersion "1"]
[SourceVersionDate "2019.05.20"]
[SourceQuality "2"]

1. e4 e6 2. d4 d5 3. e5 c5 4. c3 Qb6 5. Nf3 Nc6 6. Be2 cxd4 7. cxd4 Nh6 8. Nc3
Nf5 9. Na4 Qc7 10. g4 Nfe7 11. Bd2 Ng6 12. Rc1 Bd7 13. h4 f6 14. h5 Nge7 15. b4
a6 16. Nc5 Nc8 17. a4 Bxc5 18. Rxc5 Qd8 19. h6 g6 20. exf6 Qxf6 21. Bg5 Qf7 22.
b5 axb5 23. axb5 O-O 24. bxc6 Bxc6 25. O-O Nd6 26. Ne5 Qe8 27. Bd3 Ne4 28. Bxe4
dxe4 29. Qc2 Bd5 30. Rc7 Ra2 31. Rg7+ Kh8 32. Qc7 1-0

[Event "Madrid-ch 2018-2019 - Semifinal"]
[Site "Madrid ESP"]
[Date "2019.05.14"]
[Round "9.1"]
[White "Rios Rebollo, Victor"]
[Black "Martinez Fernandez, Raul"]
[Result "0-1"]
[WhiteElo "2007"]
[BlackElo "2202"]
[PlyCount "280"]
[EventDate "2019.05.06"]
[EventType "swiss"]
[EventRounds "9"]
[EventCountry "ESP"]
[SourceTitle "Ajedrez en Madrid"]
[Source "lmi"]
[SourceDate "2019.05.06"]
[SourceVersion "1"]
[SourceVersionDate "2019.05.20"]
[SourceQuality "2"]

1. d4 d5 2. c4 c6 3. e3 Nf6 4. Nc3 Bf5 5. Nf3 a6 6. Bd3 Bg6 7. b3 e6 8. O-O Ne4
9. Qc2 f5 10. Ne5 Bd6 11. f4 Bh5 12. a4 g5 13. Bxe4 dxe4 14. Ba3 Bc7 15. Nxe4
Bxe5 16. Nxg5 h6 17. Nxe6 Qf6 18. fxe5 Qxe6 19. Qxf5 Qxf5 20. Rxf5 Bg4 21. Rf4
Rg8 22. d5 cxd5 23. cxd5 Nd7 24. e6 Ne5 25. Bd6 Nd3 26. Rd4 Rd8 27. Rxd3 Rxd6
28. e4 Bxe6 29. Rad1 Bg4 30. Re1 Rdg6 31. e5 Ke7 32. Rc1 Be2 33. Rg3 Rxg3 34.
hxg3 Kd7 35. Kf2 Bg4 36. a5 Bf5 37. Kf3 Rg4 38. Rc4 Rg8 39. Rf4 Bg6 40. Rf6
Bh5+ 41. Kf2 Rg5 42. Rxh6 Rxe5 43. Rh7+ Kc8 44. Rh8+ Kc7 45. Rh7+ Kc8 46. Rh8+
Be8 47. g4 Kd8 48. Rh7 Rxd5 49. Rxb7 Rxa5 50. b4 Rb5 51. Ra7 Rb6 52. Ke3 Bd7
53. g5 Ke7 54. Kd4 Rxb4+ 55. Kc5 Rb5+ 56. Kd4 Rb6 57. g3 Re6 58. Kd5 Rg6 59.
Ke4 Kd8 60. Kf4 Kc8 61. g4 Rd6 62. Ke5 Rb6 63. Kf4 Bb5 64. Ke5 Rg6 65. Kf4 Bc4
66. Rh7 a5 67. Ra7 Ba6 68. Kf5 Rc6 69. g6 Bd3+ 70. Kf4 Bxg6 71. Rxa5 Kd7 72.
Ra4 Ke7 73. Rb4 Kf6 74. Ra4 Bf7 75. Rb4 Be6 76. Re4 Kg6 77. Re5 Kf6 78. Re4 Bd5
79. Rd4 Ke6 80. Ra4 Rc8 81. Ra6+ Bc6 82. Ra5 Rb8 83. Rh5 Rb4+ 84. Kg3 Bd7 85.
Rf5 Ke7 86. Rf4 Rb1 87. Kh4 Rh1+ 88. Kg5 Rh8 89. Re4+ Be6 90. Kf4 Kf6 91. Kg3
Rb8 92. Kf4 Rb1 93. Ra4 Rb3 94. Ra6 Rb4+ 95. Kf3 Ke5 96. Ra5+ Bd5+ 97. Kg3 Rd4
98. Ra1 Be6 99. Ra5+ Kf6 100. g5+ Kg6 101. Ra6 Kf5 102. Kf3 Rd3+ 103. Kf2 Bc8
104. Rc6 Bd7 105. Rc5+ Kg6 106. Ke2 Ra3 107. Rd5 Bf5 108. Rd4 Kxg5 109. Rb4 Bd7
110. Rd4 Bc6 111. Kd2 Kf5 112. Rd3 Ra8 113. Kc3 Ke5 114. Rd2 Bd5 115. Rh2 Ra3+
116. Kb4 Rb3+ 117. Kc5 Rc3+ 118. Kb4 Rc8 119. Re2+ Kd6 120. Rh2 Rc4+ 121. Kb5
Rg4 122. Rd2 Rg3 123. Rd4 Rb3+ 124. Rb4 Bc6+ 125. Ka5 Ra3+ 126. Kb6 Ra8 127.
Rd4+ Bd5 128. Rb4 Rh8 129. Rb5 Bc4 130. Rb4 Rc8 131. Kb7 Kd7 132. Kb6 Rc6+ 133.
Kb7 Bd5 134. Kb8 Ra6 135. Ra4 Rb6+ 136. Ka7 Rb1 137. Ra5 Kc7 138. Ka6 Rb6+ 139.
Ka7 Rb7+ 140. Ka6 Bc4+ 0-1

[Event "Madrid-ch 2018-2019 - Semifinal"]
[Site "Madrid ESP"]
[Date "2019.05.14"]
[Round "9.2"]
[White "Pindado Campos, Raul"]
[Black "Perez Diez, Victor"]
[Result "1/2-1/2"]
[WhiteElo "2089"]
[BlackElo "2018"]
[PlyCount "138"]
[EventDate "2019.05.06"]
[EventType "swiss"]
[EventRounds "9"]
[EventCountry "ESP"]
[SourceTitle "Ajedrez en Madrid"]
[Source "lmi"]
[SourceDate "2019.05.06"]
[SourceVersion "1"]
[SourceVersionDate "2019.05.20"]
[SourceQuality "2"]

1. Nf3 f5 2. d3 Nc6 3. e4 e5 4. Nc3 Nf6 5. Bg5 Be7 6. Be2 d6 7. exf5 Bxf5 8. d4
exd4 9. Nxd4 Nxd4 10. Qxd4 Bxc2 11. O-O c6 12. Rfe1 O-O 13. Bf3 d5 14. Re2 Bg6
15. Rae1 Re8 16. h4 h6 17. h5 Bf7 18. Bh4 Qd6 19. g4 Bf8 20. g5 Rxe2 21. Rxe2
hxg5 22. Bxg5 Bxh5 23. Re3 Re8 24. Bxh5 Rxe3 25. Bxe3 Nxh5 26. Qxa7 Qd7 27. Qa4
Nf6 28. Ne2 Qg4+ 29. Qxg4 Nxg4 30. Bb6 Ne5 31. b3 Kf7 32. Kf1 Nd7 33. Bc7 Bc5
34. Nf4 Kf6 35. Nd3 Bd4 36. Ke2 Kf5 37. Ne1 g5 38. f3 Be5 39. Bd8 Nc5 40. Bb6
Ne6 41. Be3 d4 42. Bd2 b6 43. Nd3 Bd6 44. Nf2 Nc5 45. Bb4 Nb7 46. Bd2 Bf4 47.
Bb4 c5 48. Ba3 b5 49. Ne4 c4 50. Bb4 g4 51. bxc4 bxc4 52. a4 Nd8 53. Nc5 g3 54.
a5 Nc6 55. Be1 Bd6 56. Ne4 d3+ 57. Kd1 Bf4 58. Nxg3+ Bxg3 59. Bxg3 Nxa5 60. Kd2
Nb3+ 61. Kc3 d2 62. Kc2 c3 63. Bd6 Nd4+ 64. Kd1 Nc6 65. Bf8 Kf6 66. Bh6 Nd4 67.
Bxd2 c2+ 68. Kc1 Kf5 69. Bc3 Nxf3 1/2-1/2

[Event "Madrid-ch 2018-2019 - Semifinal"]
[Site "Madrid ESP"]
[Date "2019.05.14"]
[Round "9.3"]
[White "Collado Barbas, Laura"]
[Black "Nuñez Reiz, Antonio"]
[Result "1-0"]
[WhiteElo "2048"]
[BlackElo "2083"]
[PlyCount "65"]
[EventDate "2019.05.06"]
[EventType "swiss"]
[EventRounds "9"]
[EventCountry "ESP"]
[SourceTitle "Ajedrez en Madrid"]
[Source "lmi"]
[SourceDate "2019.05.06"]
[SourceVersion "1"]
[SourceVersionDate "2019.05.20"]
[SourceQuality "2"]

1. d4 Nf6 2. c4 e6 3. Nc3 Bb4 4. Qc2 b6 5. e4 c5 6. a3 Bxc3+ 7. bxc3 Bb7 8. Bd3
d6 9. Ne2 Nc6 10. O-O Qc7 11. f4 Na5 12. e5 Ng4 13. h3 Nh6 14. exd6 Qxd6 15. f5
exf5 16. Bf4 Qg6 17. Ng3 O-O 18. d5 b5 19. cxb5 c4 20. Bxf5 Qb6+ 21. Kh2 Nxf5
22. Nxf5 Qxb5 23. Qd1 g6 24. Ne7+ Kg7 25. Qd2 Nb3 26. Bh6+ Kh8 27. Qf4 f6 28.
Bxf8 Rxf8 29. Rae1 Kg7 30. Re6 Bxd5 31. Rxf6 Rd8 32. Rxg6+ Kh8 33. Qf6# 1-0

[Event "Madrid-ch 2018-2019 - Semifinal"]
[Site "Madrid ESP"]
[Date "2019.05.14"]
[Round "9.4"]
[White "Lorenzo Bailador, Alfredo"]
[Black "Robles Diaz, Jose Alberto"]
[Result "0-1"]
[WhiteElo "2003"]
[BlackElo "2044"]
[PlyCount "84"]
[EventDate "2019.05.06"]
[EventType "swiss"]
[EventRounds "9"]
[EventCountry "ESP"]
[SourceTitle "Ajedrez en Madrid"]
[Source "lmi"]
[SourceDate "2019.05.06"]
[SourceVersion "1"]
[SourceVersionDate "2019.05.20"]
[SourceQuality "2"]

1. e4 c5 2. c3 Nf6 3. e5 Nd5 4. d4 cxd4 5. Nf3 e6 6. cxd4 d6 7. Nc3 Nxc3 8.
bxc3 Qc7 9. Qd3 dxe5 10. Nxe5 Nd7 11. Qe3 Nxe5 12. dxe5 Bd7 13. Be2 Be7 14. O-O
O-O 15. Re1 Rfd8 16. Rb1 Bc6 17. c4 b6 18. Bb2 Bc5 19. Qg3 Rd2 20. Bc1 Rxa2 21.
Bh6 g6 22. Bg5 Ra3 23. Qf4 Qb7 24. Bf1 Ra2 25. Bh4 Ba4 26. Qh6 Bf8 27. Qf4 Rc8
28. Re3 Bg7 29. Bf6 Bc2 30. Rh3 Qe4 31. Qc1 Bf8 32. Ra1 Rxa1 33. Qxa1 Qb7 34.
Qc1 Bf5 35. Rc3 a5 36. Qg5 Qe4 37. h3 Qd4 38. Re3 a4 39. g4 Bc2 40. Be7 h6 41.
Qh4 g5 42. Qh5 Bg6 0-1

[Event "Madrid-ch 2018-2019 - Semifinal"]
[Site "Madrid ESP"]
[Date "2019.05.14"]
[Round "9.5"]
[White "Rojas Pozo, Jose Luis"]
[Black "Iagar, Razvan-Gabriel"]
[Result "1/2-1/2"]
[WhiteElo "1974"]
[BlackElo "2104"]
[PlyCount "114"]
[EventDate "2019.05.06"]
[EventType "swiss"]
[EventRounds "9"]
[EventCountry "ESP"]
[SourceTitle "Ajedrez en Madrid"]
[Source "lmi"]
[SourceDate "2019.05.06"]
[SourceVersion "1"]
[SourceVersionDate "2019.05.20"]
[SourceQuality "2"]

1. d4 d5 2. c4 c6 3. e3 Nf6 4. Nc3 e6 5. Nf3 Nbd7 6. Bd3 Bd6 7. O-O O-O 8. e4
dxc4 9. Bxc4 e5 10. a4 Qe7 11. Re1 exd4 12. Nxd4 Ne5 13. Nf5 Bxf5 14. exf5 Qc7
15. Be2 Rad8 16. Qc2 Neg4 17. g3 Qb6 18. Bxg4 Nxg4 19. Ne4 Bb4 20. Re2 f6 21.
h3 Ne5 22. Kg2 Qa5 23. Bd2 Bxd2 24. Rxd2 Rxd2 25. Qxd2 Qxd2 26. Nxd2 Rd8 27.
Nf3 Nxf3 28. Kxf3 Rd2 29. Rb1 Kf7 30. Ke3 Rd5 31. g4 Ke7 32. b4 Kd6 33. f4 Kc7
34. h4 a5 35. bxa5 Rxa5 36. Rb4 h5 37. Kf3 b5 38. axb5 Rxb5 39. Re4 Rb3+ 40.
Kg2 Kd7 41. Rd4+ Kc7 42. Re4 Rb7 43. Kf3 hxg4+ 44. Kxg4 c5 45. Kh5 Kd6 46. Kg6
Rc7 47. Re6+ Kd5 48. h5 c4 49. h6 gxh6 50. Kxf6 c3 51. Re1 c2 52. Rc1 Ke4 53.
Kg6 Kxf4 54. f6 Ke3 55. Kxh6 Kd2 56. Rxc2+ Kxc2 57. Kg6 Kd3 1/2-1/2

[Event "Madrid-ch 2018-2019 - Semifinal"]
[Site "Madrid ESP"]
[Date "2019.05.14"]
[Round "9.6"]
[White "Yañez Rodriguez, Wilbert"]
[Black "Vazquez Gonzalez, Jesus"]
[Result "1-0"]
[WhiteElo "2217"]
[BlackElo "1901"]
[PlyCount "101"]
[EventDate "2019.05.06"]
[EventType "swiss"]
[EventRounds "9"]
[EventCountry "ESP"]
[SourceTitle "Ajedrez en Madrid"]
[Source "lmi"]
[SourceDate "2019.05.06"]
[SourceVersion "1"]
[SourceVersionDate "2019.05.20"]
[SourceQuality "2"]

1. c4 Nf6 2. Nf3 c6 3. g3 d5 4. b3 dxc4 5. bxc4 Bf5 6. Bg2 e6 7. O-O Be7 8. Nc3
O-O 9. d4 Ne4 10. Bb2 Nd7 11. Qb3 Qb6 12. Rfd1 Qxb3 13. axb3 Nxc3 14. Bxc3 Bc2
15. Rdc1 Be4 16. Bh3 Bxf3 17. exf3 Rfd8 18. f4 Bf6 19. Ra5 Nb6 20. Rd1 Rd7 21.
f5 e5 22. d5 cxd5 23. cxd5 a6 24. d6 Rad8 25. Bxe5 Bxe5 26. Rxe5 f6 27. Re6 Nc8
28. Bg2 Nxd6 29. g4 h5 30. h3 hxg4 31. hxg4 Nf7 32. Re8+ Rxe8 33. Rxd7 Ne5 34.
Rxb7 Nxg4 35. Bd5+ Kh7 36. Be6 Rd8 37. Rb6 Rd2 38. Rb4 Nh6 39. Ra4 Rd6 40. f3
g6 41. fxg6+ Kxg6 42. Bc4 Nf5 43. Kf2 Rd2+ 44. Ke1 Rg2 45. Bd3 Rg5 46. Ra5 Rh5
47. f4 Rh1+ 48. Kf2 Rh2+ 49. Kg1 Rb2 50. Bxf5+ Kf7 51. Rxa6 1-0

[Event "Madrid-ch 2018-2019 - Semifinal"]
[Site "Madrid ESP"]
[Date "2019.05.14"]
[Round "9.7"]
[White "Vazquez Gonzalez, Francisco"]
[Black "Nieto De La Cruz, Julio"]
[Result "1/2-1/2"]
[WhiteElo "1968"]
[BlackElo "2168"]
[PlyCount "22"]
[EventDate "2019.05.06"]
[EventType "swiss"]
[EventRounds "9"]
[EventCountry "ESP"]
[SourceTitle "Ajedrez en Madrid"]
[Source "lmi"]
[SourceDate "2019.05.06"]
[SourceVersion "1"]
[SourceVersionDate "2019.05.20"]
[SourceQuality "2"]

1. e4 d6 2. d4 Nf6 3. Nc3 a6 4. Be3 b5 5. f3 e6 6. Qd2 Be7 7. Nh3 Nbd7 8. Nf2
Bb7 9. Be2 O-O 10. O-O Nb6 11. b3 c5 1/2-1/2